Countries that End in "S" - Statistics

General Stats
  • This quiz has been taken 96 times
  • The average score is 12 of 18
Answer Stats
Population Answer % Correct
59,297 Marshall Islands
82%
98,347 Seychelles
79%
869,601 Comoros
77%
109,581,078 Philippines
74%
53,299 Saint Kitts and Nevis
74%
686,884 Solomon Islands
74%
17,134,872 Netherlands
70%
7,275,560 Laos
67%
393,244 Bahamas
65%
331,000,000 United States
65%
540,544 Maldives
61%
9,904,607 Honduras
60%
1,271,768 Mauritius
60%
9,449,323 Belarus
58%
110,940 Saint Vincent and Grenadines
56%
287,375 Barbados
54%
9,890,402 United Arab Emirates
47%
1,207,359 Cyprus
39%
No matching quizzes found
Score Distribution
Percent of People with Each Score
Percentile by Number Answered
Your Score History
You have not taken this quiz